Tales of a fourth grade nothing
Đã lưu trong:
| Príomhúdar: | |
|---|---|
| Formáid: | Leabhar |
| Teanga: | Undetermined |
| Foilsithe: |
New York
Dutton
1972
|
| Ábhair: | |
| Clibeanna: |
Cuir Clib Leis
Gan Chlibeanna, Bí ar an gcéad duine leis an taifead seo a chlibeáil!
|
| Thư viện lưu trữ: | Trung tâm Học liệu Trường Đại học Cần Thơ |
|---|
| LEADER | 00481nam a2200181Ia 4500 | ||
|---|---|---|---|
| 001 | CTU_226467 | ||
| 008 | 210402s9999 xx 000 0 und d | ||
| 082 | |a 813.54 | ||
| 082 | |b B658 | ||
| 100 | |a Blume, Judy | ||
| 245 | 0 | |a Tales of a fourth grade nothing | |
| 245 | 0 | |c Judy Blume | |
| 260 | |a New York | ||
| 260 | |b Dutton | ||
| 260 | |c 1972 | ||
| 650 | |a Cuộc sống gia đình,Family life | ||
| 910 | |b nthai | ||
| 980 | |a Trung tâm Học liệu Trường Đại học Cần Thơ | ||